000 00294nam a22001337a 4500
082 _a891.4393 ANW
100 _aAnwar Raja
245 _aJhotay roop k darshan
260 _aLahore
_bJhangir Books
300 _a136p. :
_e22 cm
650 _aUrdu literature
700 _aRaja Anwar
942 _cBK
999 _c11681
_d11681